MARC details
| 000 -LEADER |
| fixed length control field |
01676cam a2200493 a 4500 |
| 001 - CONTROL NUMBER |
| control field |
22741 |
| 003 - CONTROL NUMBER IDENTIFIER |
| control field |
SK-KTurca |
| 005 - DATE AND TIME OF LATEST TRANSACTION |
| control field |
20260422151527.0 |
| 008 - FIXED-LENGTH DATA ELEMENTS--GENERAL INFORMATION |
| fixed length control field |
240314s2009 xo ol g 001 0 slo |
| 015 ## - NATIONAL BIBLIOGRAPHY NUMBER |
| National bibliography number |
SNBA2010/02-00687 |
| 020 ## - INTERNATIONAL STANDARD BOOK NUMBER |
| International Standard Book Number |
9788080711177 |
| Qualifying information |
(viaz.) |
| 035 ## - SYSTEM CONTROL NUMBER |
| System control number |
F883206D-1AA8-4EB5-B421-C0B49988FFAD |
| 035 ## - SYSTEM CONTROL NUMBER |
| System control number |
urn:nbn:sk:snk-amk9d5 |
| 035 ## - SYSTEM CONTROL NUMBER |
| System control number |
urn:nbn:sk:snk-am008a78 |
| 040 ## - CATALOGING SOURCE |
| Original cataloging agency |
TTKJF |
| Language of cataloging |
slo |
| Transcribing agency |
TTKJF |
| Modifying agency |
SNK |
| Description conventions |
AACR2 |
| 041 1# - LANGUAGE CODE |
| Language code of text/sound track or separate title |
slo |
| Language code of original |
spa |
| 044 ## - COUNTRY OF PUBLISHING/PRODUCING ENTITY CODE |
| MARC country code |
xo |
| ISO country code |
SK |
| 072 #7 - SUBJECT CATEGORY CODE |
| Subject category code |
616 |
| Subject category code subdivision |
Patológia. Klinická medicína |
| Source |
konspekt |
| 080 ## - UNIVERSAL DECIMAL CLASSIFICATION NUMBER |
| Universal Decimal Classification number |
616.379-008.64 |
| Edition identifier |
2001 |
| 080 ## - UNIVERSAL DECIMAL CLASSIFICATION NUMBER |
| Universal Decimal Classification number |
616-08 |
| Edition identifier |
2001 |
| 080 ## - UNIVERSAL DECIMAL CLASSIFICATION NUMBER |
| Universal Decimal Classification number |
(035) |
| Edition identifier |
2001 |
| 080 ## - UNIVERSAL DECIMAL CLASSIFICATION NUMBER |
| Universal Decimal Classification number |
615.83+615.89 |
| Edition identifier |
001 |
| 100 1# - MAIN ENTRY--PERSONAL NAME |
| Personal name |
Gelabert, Ramon C. |
| Relationship |
aut |
| 240 10 - UNIFORM TITLE |
| Uniform title |
Diabetes - scientific and natural treatments |
| Language of a work |
Slovensky |
| 245 10 - TITLE STATEMENT |
| Title |
Cukrovka (diabetes mellitus) |
| Remainder of title |
moderná medicínska a prírodná liečba |
| Statement of responsibility, etc. |
Ramon C. Gelabert ; [zo španielského originálu preložila Dominika Matisová] |
| 250 ## - EDITION STATEMENT |
| Edition statement |
1. vyd. |
| 260 ## - PUBLICATION, DISTRIBUTION, ETC. |
| Place of publication, distribution, etc. |
Vrútky |
| Name of publisher, distributor, etc. |
Advent-Orion |
| Date of publication, distribution, etc. |
2009 |
| 300 ## - PHYSICAL DESCRIPTION |
| Extent |
143 s. |
| Other physical details |
fareb. fotogr., tab. |
| Dimensions |
24 cm |
| 490 1# - SERIES STATEMENT |
| Series statement |
Život a zdravie |
| 490 1# - SERIES STATEMENT |
| Series statement |
New Start - Nový začiatok |
| 504 ## - BIBLIOGRAPHY, ETC. NOTE |
| Bibliography, etc. note |
Bibliogr. s. 132-134. Symboly a skrat. Slovník odb. náz. Všeobecný abec. reg. |
| 650 07 - SUBJECT ADDED ENTRY--TOPICAL TERM |
| Topical term or geographic name entry element |
diabetes mellitus |
| Source of heading or term |
SNKPH |
| 650 07 - SUBJECT ADDED ENTRY--TOPICAL TERM |
| Topical term or geographic name entry element |
terapia |
| Source of heading or term |
SNKPH |
| 650 07 - SUBJECT ADDED ENTRY--TOPICAL TERM |
| Topical term or geographic name entry element |
Therapy |
| Source of heading or term |
SNKPHeng |
| 650 07 - SUBJECT ADDED ENTRY--TOPICAL TERM |
| Topical term or geographic name entry element |
prírodné liečiteľstvo |
| Source of heading or term |
SNKPH |
| 650 07 - SUBJECT ADDED ENTRY--TOPICAL TERM |
| Topical term or geographic name entry element |
Healing |
| Source of heading or term |
SNKPHeng |
| 655 #7 - INDEX TERM--GENRE/FORM |
| Genre/form data or focus term |
príručky |
| Source of term |
SNKPH |
| 700 1# - ADDED ENTRY--PERSONAL NAME |
| Personal name |
Matisová, Dominika |
| Relationship |
trl |
| 830 #0 - SERIES ADDED ENTRY--UNIFORM TITLE |
| Uniform title |
Život a zdravie |
| 830 #0 - SERIES ADDED ENTRY--UNIFORM TITLE |
| Uniform title |
New Start - Nový začiatok |
| 942 ## - ADDED ENTRY ELEMENTS (KOHA) |
| Source of classification or shelving scheme |
Dewey Decimal Classification |
| Koha item type |
Odborná literatúra pre dospelých |
| Suppress in OPAC |
No |
| 980 ## - EQUIVALENCE OR CROSS-REFERENCE-SERIES STATEMENT--PERSONAL NAME/TITLE [LOCAL, CANADA] |
| Personal name |
616.379-008.64 |
| 980 ## - EQUIVALENCE OR CROSS-REFERENCE-SERIES STATEMENT--PERSONAL NAME/TITLE [LOCAL, CANADA] |
| Personal name |
615.83+615.89 |